El teórico accidental (Registro nro. 4278)
[ vista simple ]
| 000 -LEADER | |
|---|---|
| fixed length control field | 00788 a2200217 4500 |
| 001 - CONTROL NUMBER | |
| control field | 47061 |
| 005 - DATE AND TIME OF LATEST TRANSACTION | |
| control field | 20260407155739.0 |
| 008 - FIXED-LENGTH DATA ELEMENTS--GENERAL INFORMATION | |
| fixed length control field | 260407a1999 arg spa d |
| 003 - CONTROL NUMBER IDENTIFIER | |
| control field | AR-UNSa-BCEJYS |
| 040 ## - CATALOGING SOURCE | |
| Original cataloging agency | AR-UNSa-BCEJYS |
| Language of cataloging | spa |
| Transcribing agency | AR-UNSa-BCEJYS |
| 080 ## - UNIVERSAL DECIMAL CLASSIFICATION NUMBER | |
| Universal Decimal Classification number | 330.101 |
| Common auxiliary subdivision | Ciencia económica en general. La economía y sus problemas. Objeto y métodos de la economía política |
| 020 ## - INTERNATIONAL STANDARD BOOK NUMBER | |
| International Standard Book Number | 84-7423-952-4 |
| 100 1# - MAIN ENTRY--PERSONAL NAME | |
| Personal name | Pascual, Jordi |
| 245 10 - TITLE STATEMENT | |
| Title | El teórico accidental |
| Name of part/section of a work | otras noticias de la ciencia lúgubre |
| 264 #1 - PRODUCTION, PUBLICATION, DISTRIBUTION, MANUFACTURE, AND COPYRIGHT NOTICE | |
| Place of production, publication, distribution, manufacture | Barcelona : |
| Name of producer, publisher, distributor, manufacturer | Crítica |
| Date of production, publication, distribution, manufacture, or copyright notice | 1999 |
| 300 ## - PHYSICAL DESCRIPTION | |
| Extent | 194 p. |
| Dimensions | 23 cm. |
| 590 ## - LOCAL NOTE (RLIN) | |
| Local note | niveau_biblio:m niveau_hierar:0 |
| 700 1# - ADDED ENTRY--PERSONAL NAME | |
| Personal name | Krugman, Paul R. |
| 856 41 - ELECTRONIC LOCATION AND ACCESS | |
| Uniform Resource Identifier | <a href="https://www.biblioeco.unsa.edu.ar/pmb/images/libros/L127382.jpg">https://www.biblioeco.unsa.edu.ar/pmb/images/libros/L127382.jpg</a> |
| Link text | Imagen de portada |
| Electronic format type | image/jpeg |
| 942 ## - ADDED ENTRY ELEMENTS (KOHA) | |
| Koha item type | |
| Withdrawn status | Lost status | Damaged status | Not for loan | Home library | Current library | Shelving location | Date acquired | Total checkouts | Full call number | Barcode | Date last seen | Price effective from | Koha item type |
|---|---|---|---|---|---|---|---|---|---|---|---|---|---|
| Biblioteca Prof. Eusebio Cleto del Rey | Biblioteca Prof. Eusebio Cleto del Rey | 07/04/2026 | 330.101 K94 | L127382 | 07/04/2026 | 07/04/2026 | Libro |